000 00504nam a2200133 a 4500
001 000025929
005 20200930024147.0
008 110224s1991 dr a 000 0 spa d
040 _aDO-SdBNP
_bspa
_cBNPHU
245 0 0 _aCrecimiento inicial de catorce especies maderables locales e introducidas en Zambrana-Chacuey, Cotuí, provincia Sánchez Ramírez, República Dominicana /.
260 _aSanto Domingo :
_bEditorial Enda - Caribe,
_c1991.
_fImpreso CENAPEC
300 _a54 p. ;
_c22 cm.
049 _aBNPD
999 _c25421
_d25421